00936nam a22002175a 450000500170000000800410001702000260005803700090008404000180009310000230011124501390013426000430027327000790031630000220039550000610041770000230047894200170050199900170051895201020053595200810063720100508135453.0080520s2008 nyu 000 0 eng  a9788171887729c995.00 bIBD  aDPLbEnglish  aSharma, Murari R.  aUnited nations international civil service:cby Murari R. Sharma [and] Ajit M. Banerjee bperceptions, realities and career guidance / aNew DelhibAcademic Foundations c2009 a4772-73/23 Bharat Ram Road, 23, Ansari Raod, DaryaganjbNew Delhi e110002 a434p. b26cm(Hb)  aIncludes bibliographical references, glossary and index  aBanerjee, Ajit M.  2ddccENmSHA c35838d35838 00102ddc407-1aAGbAGd2010-05-08g995.00l0oSHAr2010-05-08 00:00:00v995.00w2010-05-08yEN 00102ddc4070aAGbAGd2010-05-12l0oSHAr2010-05-12 00:00:00w2010-05-12